Air Forces that operate the E-3 Sentry - Statistics

General Stats
  • This quiz has been taken 6 times
  • The average score is 3 of 5
Answer Stats
Num. Air Force % Correct
30 United States Air Force
100%
3 Chilean Air Force
50%
17 NATO
50%
4 French Air and Space Force
25%
5 Royal Saudi Air Force
25%
No matching quizzes found
Score Distribution
Percent of People with Each Score
Percentile by Number Answered
Your Score History
You have not taken this quiz